banner koha

3. Seminario Internacional sobre Biotecnologia na Agroindustria Cafeeira; anais (Registro n. 62982)

MARC details
000 -LÍDER
campo de controle de tamanho fixo 01451nam a22004217a 4500
001 - NÚMERO DE CONTROLE
campo de controle BR0101380
003 - IDENTIFICADOR DO NÚMERO DE CONTROLE
campo de controle BR-BrBNA
005 - DATA E HORÁRIO DA ÚLTIMA TRANSAÇÃO
campo de controle 20230928100826.0
007 - CAMPO FIXO DE DESCRIÇÃO FÍSICA--INFORMAÇÃO GERAL
campo de controle de tamanho fixo ta
008 - CAMPO DE DADOS FIXOS--INFORMAÇÃO GERAL
campo de controle de tamanho fixo 230509b bl.||||| |||| 00| 0 por d
040 ## - FONTE DA CATALOGAÇÃO
Instituição da catalogação original BR-BrBNA
Idioma da catalogação por
Instituição que transcreveu o registro Biblioteca Nacional de Agricultura
041 ## - CÓDIGO DE IDIOMA
Código do idioma do texto/trilha sonora ou título diferente (Eng, Spa, Por)
072 ## - CÓDIGO DE CATEGORIA DE ASSUNTO
Código de Categoria de Assunto F02; F30; Q02
Código do objeto 2120
090 ## - NÚMERO DE CHAMADA LOCAL
-- 2120 BR0101380
100 1# - ENTRADA PRINCIPAL--NOME PESSOAL
Nome pessoal Riede, C.R.
100 1# - ENTRADA PRINCIPAL--NOME PESSOAL
Nome pessoal Sera, T.
100 1# - ENTRADA PRINCIPAL--NOME PESSOAL
Nome pessoal Soccol, C.R.
100 1# - ENTRADA PRINCIPAL--NOME PESSOAL
Nome pessoal Roussos, S.(Coord.)
110 1# - ENTRADA PRINCIPAL--NOME CORPORATIVO
Nome corporativo ou nome da jurisdição Instituto Agronomico do Parana, Londrina (Brasil)
9 (RLIN) 5630
110 1# - ENTRADA PRINCIPAL--NOME CORPORATIVO
Nome corporativo ou nome da jurisdição Universidade Federal do Parana, Curitiba (Brasil)
110 1# - ENTRADA PRINCIPAL--NOME CORPORATIVO
Nome corporativo ou nome da jurisdição Institut de Recherche pour le Developpement, Montpellier (Franca)
111 1# - ENTRADA PRINCIPAL--NOME DO EVENTO
Nome do evento ou lugar 3. Seminario Internacional sobre Biotecnologia na Agroindustria Cafeeira
Local do evento Londrina, PR (Brazil)
Data do evento ou assinatura do tratado 24-28 May 1999
245 1# - TÍTULO
Título 3. Seminario Internacional sobre Biotecnologia na Agroindustria Cafeeira; anais
260 3# - PUBLICAÇÃO, DISTRIBUIÇÃO, ETC.
Local de publicação, distribuição, etc. Londrina, PR (Brasil):
Data da publicação, distribuição, etc. 2000.
300 ## - DESCRIÇÃO FÍSICA
Extensão 513 p.
500 ## - NOTA GERAL
Nota geral Summaries (Spa, Eng, Por); Several bibliography; 157 illus.; 136 tables
650 ## - ASSUNTO--TERMO TÓPICO
Cabeçalho tópico ou nome geográfico Cafe
650 ## - ASSUNTO--TERMO TÓPICO
Cabeçalho tópico ou nome geográfico Industria Agricola
650 ## - ASSUNTO--TERMO TÓPICO
Cabeçalho tópico ou nome geográfico Melhoramento Genetico Vegetal
650 ## - ASSUNTO--TERMO TÓPICO
Cabeçalho tópico ou nome geográfico Reproducao Assexuada
650 ## - ASSUNTO--TERMO TÓPICO
Cabeçalho tópico ou nome geográfico Clonagem
650 ## - ASSUNTO--TERMO TÓPICO
Cabeçalho tópico ou nome geográfico Controle Biologico
650 ## - ASSUNTO--TERMO TÓPICO
Cabeçalho tópico ou nome geográfico Controle de Qualidade
650 ## - ASSUNTO--TERMO TÓPICO
Cabeçalho tópico ou nome geográfico Modelo Matematico
650 ## - ASSUNTO--TERMO TÓPICO
Cabeçalho tópico ou nome geográfico Tecnologia de Alimento
909 ## -
-- 202309
-- Lucia
-- 55
-- Lucia Elande
942 ## - ELEMENTOS DE ENTRADA ADICIONADOS (KOHA)
Tipo de material Koha Livros
Exemplares
Situação do descarte Fonte da classificação ou esquema de arquivamento na estante Situação física Não pode ser emprestado Coleção Biblioteca de origem Biblioteca atual Total de empréstimos Número de telefone completo Código de barras Data de último acesso Número do exemplar Tipo de material Koha Situação das perdas Data de aquisição Fonte de aquisição
  Classificação AGRIS       Biblioteca Nacional de Agricultura - Binagri Biblioteca Nacional de Agricultura - Binagri   2120 BR0101380 2120 BR0101380 25/09/2023 01 Livros   2023-09-25 Portaria Interministerial nº 164/94

BINAGRI

Telefone: (61)3218-2567/2388/3357/2097 - binagri@agro.gov.br

Ministério da Agricultura e Pecuária , Esplanada dos Ministérios, Bloco D, Anexo B, Brasília/DF, CEP: 70.043-900